00920nam a22002057a 4500003000400000020001800004082001400022100002300036245001600059250001000075260003100085300000800116650001700124653008200141942001600223952015900239952015800398952014300556999001500699SGT a9788131727201 a658, ROB  aROBBINS P.STEPHEN  aMANAGEMENT  a10TH  aNEW DELHI bPEARSON c2010 a545 aMANAGEMENT  aDefining the Manager’s Terrain, Planning, Organizing, Leading, Controlling 2ddccFCM04 00102ddc4070aSSSLbSSSLcTXTd2016-06-16eKIRTI PRAKASHAN g750.00iSGTUl13o658, ROBpcm1150r2025-01-10 00:00:00s2024-12-27w2015-10-19yFCMk3149 00102ddc4070aSSSLbSSSLcTXTd2016-06-16eKIRTI PRAKASHAN g750.00iSGTUl6o658, ROBpcm1151r2023-01-25 00:00:00s2023-01-09w2015-10-19yFCMk3149 00102ddc4071aSSSLbSSSLcREFd2016-06-16eKIRTI PRAKASHAN g750.00iSGTUo658, ROBpcm1152r2016-06-16 00:00:00w2015-10-19yFCMk3149 c9069d9069